Three Wishes - Lyrics (Splatoon 3) - Statistics

General Stats
  • This quiz has been taken 28 times
  • The average score is 221 of 326
Answer Stats
Lyric % Correct
end?
100%
end,
100%
endless
100%
Here
100%
here?
100%
here
100%
past,
100%
past
100%
stand
100%
time—
100%
time.
100%
we
100%
We
100%
a
91%
A
91%
and
91%
future
91%
future.
91%
I,
91%
I
91%
in
91%
In
91%
no
91%
No
91%
present,
91%
span.
91%
all
82%
All
82%
are
82%
are.
82%
at
82%
come
82%
far,
82%
far
82%
found
82%
highs
82%
left
82%
light.
82%
light—
82%
lows,
82%
me.
82%
me
82%
me,
82%
My
82%
my
82%
north
82%
Nothing
82%
nothing
82%
on
82%
on!"
82%
On
82%
on,
82%
or
82%
see
82%
so
82%
So
82%
so,
82%
Star
82%
star.
82%
start,
82%
that
82%
the
82%
The
82%
up
82%
up,
82%
We've
82%
we've
82%
wishes
82%
you
82%
you,
82%
be
73%
been
73%
been.
73%
bloom.
73%
blue,
73%
bringing
73%
Finally
73%
flame
73%
from
73%
go,
73%
Guiding
73%
guiding
73%
history.
73%
it.
73%
it
73%
I've
73%
journey.
73%
life,
73%
life
73%
message
73%
night.
73%
night,
73%
now
73%
now!
73%
of
73%
Orbiting
73%
others
73%
Our
73%
our
73%
Paint
73%
palette
73%
path
73%
right
73%
satellite,
73%
saying,
73%
seeds,
73%
seen.
73%
"Shine
73%
shoes?
73%
some
73%
someday
73%
someday.
73%
synched
73%
Tiny,
73%
tiny
73%
to
73%
us
73%
wait!
73%
where
73%
wherever
73%
your
73%
alive,
64%
as
64%
back
64%
beyond
64%
binary
64%
blaze
64%
bond.
64%
brake
64%
bright,
64%
But
64%
but
64%
by
64%
came
64%
can
64%
can't
64%
chase
64%
cheers!
64%
could
64%
cut!
64%
cycles,
64%
dark,
64%
dearest
64%
defeat
64%
Did
64%
do!
64%
do—
64%
Do
64%
dream
64%
dreams?
64%
eternal
64%
eternity.
64%
even
64%
evil
64%
feel
64%
fierce.
64%
find
64%
flow,
64%
flow
64%
for
64%
forever.
64%
friends…
64%
fun,
64%
get
64%
glowing
64%
golden
64%
got
64%
groove
64%
hands.
64%
has
64%
have
64%
Having
64%
heart's
64%
hold
64%
hope
64%
hourglass.
64%
how
64%
is
64%
It's
64%
journey's
64%
just
64%
keep
64%
knock
64%
know
64%
know.
64%
known
64%
knows
64%
land
64%
lasts
64%
Let
64%
Let's
64%
let's
64%
lies
64%
lights
64%
like
64%
live
64%
Long
64%
makes
64%
meet
64%
moment
64%
much
64%
never
64%
new!
64%
one
64%
one—
64%
out
64%
Overlapping
64%
paradise?
64%
park.
64%
passing
64%
people
64%
perfect.
64%
power
64%
realm?
64%
sands?
64%
sea
64%
sea,
64%
searching,
64%
seize
64%
shark—
64%
should
64%
side
64%
Sights
64%
sights—
64%
sing
64%
single
64%
sounds,
64%
stardom
64%
still.
64%
strong?
64%
swim
64%
thanks
64%
them
64%
then
64%
there,
64%
there
64%
think
64%
Think
64%
threat.
64%
threat
64%
three
64%
today,
64%
today
64%
too
64%
tough—
64%
trail,
64%
triple
64%
true
64%
unite
64%
unstuck.
64%
vast,
64%
void
64%
Wake
64%
walked
64%
way
64%
way,
64%
we'd
64%
We'll
64%
what
64%
What
64%
When
64%
when
64%
Whew!
64%
will
64%
With
64%
with
64%
world
64%
yearn
64%
yet
64%
30
55%
ahead?
55%
brightly
55%
build
55%
burning
55%
Chains
55%
clear—
55%
colors
55%
down
55%
Down
55%
drew
55%
face
55%
forward,
55%
gleam.
55%
hang?
55%
Hey!
55%
I'm
55%
infinite
55%
intermingled
55%
lair
55%
leading
55%
line
55%
line,
55%
line—
55%
luck?
55%
mind
55%
monsters
55%
Move
55%
off
55%
Passed
55%
promise
55%
radiance
55%
realist,
55%
rear.
55%
Reflecting
55%
run,
55%
seeing
55%
shows
55%
sucks?
55%
Surging
55%
themselves
55%
things
55%
times
55%
together
55%
Words
55%
write,
55%
fear
45%
push
45%
reach
45%
showing
45%
through,
45%
Gotta
36%
Till
36%
Use
36%
excitement
27%
free
27%
yourself,
27%
No matching quizzes found
Score Distribution
Percent of People with Each Score
Percentile by Number Answered
Your Score History
You have not taken this quiz